| 000 | 00631nam a2200217Ia 4500 | ||
|---|---|---|---|
| 005 | 20260429112014.0 | ||
| 008 | 260429s9999||||xx |||||||||||||| ||und|| | ||
| 020 | _a9781032386614 | ||
| 041 | _aEnglish | ||
| 082 |
_a371.26 _bNIS |
||
| 100 | _aNisbet, Isabel | ||
| 245 | 0 |
_aEducational assessment in a changing world : _blessons learned and the path ahead / _cIsabel Nisbet |
|
| 250 | _a1st ed. | ||
| 260 |
_aNew Delhi : _bRoutledge, _c2025. |
||
| 300 | _axiii, 217 p.; pbk | ||
| 650 | _a Evaluation methods | ||
| 650 | _a Learning outcomes | ||
| 650 | _aEducational assessment | ||
| 700 | _a Shaw, Stuart | ||
| 942 | _cTB | ||
| 999 |
_c51851 _d51851 |
||